000 01020nam a22002777a 4500
001 BD-DhSAU #
003 BD-DhSAU
005 20211023103848.0
008 151014b2008 bg ||||| |||| 001 0 eng d
040 _aBD-DhSAU
082 _222
_a630
_bR1293
100 M _aRAHMAN, MD. MASHIUR
_eReg. No. # 13-05796
245 _aResponse of climate resilient wheat varieties under varying sowing dates irrigation and nitrogen application /
_bPhD. Thesis
260 _aSher-e-Bangla Agricultural University :
_bDepartment of Agronomy;
_c2017.
300 _axxvi, 316 p. :
_bill. ;
_c30 cm.
504 _aIncludes Bibliographical References .
590 _aNazmul
600 _qclimate resilient wheat
610 _asowing dates
650 _a irrigation
651 _anitrogen application
700 _aProf. Dr. Md. Jafar Ullah
_4Supervisor
700 _a(Prof.Dr.M.Moynul Haque
_4Co-Supervisor
856 _yOnline Access
_uhttp://archive.saulibrary.edu.bd:8080/xmlui/handle/123456789/3297
942 _2ddc
_cPHD
999 _c15635
_d15634